000 00464nam a2200169Ia 4500
008 230917s9999||||xx |||||||||||||| ||und||
020 _cRS1200
040 _e241919
_aMAIN
041 _aEnglish
082 _a364.082 S64W
100 _aSingh, Arvind K
245 0 _aWomen and criminal justice
260 _aNew Delhi
_bSurendra Publications
_c2016
300 _avii, 248 v, 248 p.
500 _a2835 29/08/2017 RBP17/67111 12/09/2017 Main Budget
942 _cBK
999 _c23690
_d23690